IMPRESSION MANAGEMENT :building and enhancing reputation at work (Record no. 2302)

MARC details
000 -LEADER
fixed length control field 00443nam a22001697a 4500
005 - DATE AND TIME OF LATEST TRANSACTION
control field 20180813113838.0
008 - FIXED-LENGTH DATA ELEMENTS--GENERAL INFORMATION
fixed length control field 160601b xxu||||| |||| 00| 0 eng d
020 ## - INTERNATIONAL STANDARD BOOK NUMBER
ISBN 981-240-638-7
041 ## - LANGUAGE CODE
Language code of text/sound track or separate title eng
082 ## - DEWEY DECIMAL CLASSIFICATION NUMBER
Item number 6511
Classification number 658.3125
100 ## - MAIN ENTRY--AUTHOR NAME
Personal name ROSENFELD, PAUL AND OTHERS
245 ## - TITLE STATEMENT
Title IMPRESSION MANAGEMENT :building and enhancing reputation at work
260 ## - PUBLICATION, DISTRIBUTION, ETC. (IMPRINT)
Name of publisher Thomson
300 ## - PHYSICAL DESCRIPTION
Number of Pages 238p,
650 ## - SUBJECT ADDED ENTRY--TOPICAL TERM
Topical Term Management
942 ## - ADDED ENTRY ELEMENTS (KOHA)
Koha item type Books
Holdings
Lost status Damaged status Collection code Home library Current library Shelving location Date acquired Cost, normal purchase price Full call number Accession Number Koha item type
    MANAGEMENT JRU Library JRU Library SHELF- 66 F 01/06/2016 695.00 658.3125 6511 Books
    MANAGEMENT JRU Library JRU Library SHELF- 66 F 01/06/2016 695.00 658.3125 6512 Books
    Reference JRU Library   SHELF-30-I 01/06/2016 695.00 658.3125 6513 Books
    MANAGEMENT JRU Library JRU Library SHELF- 66 F 01/06/2016 695.00 658.3125 6514 Books